[Event "CZE-ch"]
[Site "Karlovy Vary"]
[Date "2004.02.24"]
[Round "8"]
[White "Bernasek, Jan"]
[Black "Stocek, Jiri"]
[Result "0-1"]
[WhiteElo "2381"]
[BlackElo "2552"]
[PlyCount "69"]
[EventDate "2004.02.17"]
[Source "ChessBase"]
[SourceDate "2004.06.01"]

1. d4 Nf6 2. c4 e6 3. Nf3 c5 4. d5 d6 5. Nc3 exd5 6. cxd5 g6 7. Nd2 Nbd7 8. e4 Bg7 9. Be2 O-O 10. O-O Re8 11. f4 c4 12. Bxc4 Nc5 13. Qc2 Bd7 14. a4 Rc8 15. Bd3 Ng4 16. Nf3 Nxd3 17. Qxd3 Qb6+ 18. Kh1 Nf2+ 19. Rxf2 Qxf2 20. Rb1 Qc5 21. Be3 Qb4 22. Bd4 Bxd4 23. Nxd4 Rc4 24. Nce2 Bg4 25. b3 Rc5 26. Ng3 Rec8 27. Rf1 Rc1 28. h3 Bd7 29. Nde2 Rxf1+ 30. Nxf1 b5 31. f5 bxa4 32. bxa4 Bxa4 33. f6 Bb5 34. Qe3 Qb2 35. Nfg3 0-1

[Event "FRA Team Ch"]
[Site "France"]
[Date "1992.??.??"]
[Round "?"]
[White "Vaisser, Anatoli V"]
[Black "Berthelot, Yannick"]
[Result "1-0"]
[WhiteElo "2580"]
[BlackElo "2350"]
[PlyCount "72"]
[EventDate "1992.??.??"]
[Source "www.chesslib.no"]
[SourceDate "2004.05.04"]

1. d4 Nf6 2. c4 g6 3. Nc3 Bg7 4. e4 d6 5. f4 O-O 6. Nf3 c5 7. d5 e6 8. Be2 exd5 9. cxd5 Re8 10. e5 dxe5 11. fxe5 Ng4 12. Bg5 Qb6 13. O-O Nxe5 14. Nxe5 Bxe5 15. Bc4 Qxb2 16. d6 Rf8 17. Bxf7+ Kg7 18. Bd5 Qxc3 19. Rxf8 Kxf8 20. Qf1+ Bf5 21. Rd1 Nd7 22. g4 Kg7 23. gxf5 Qc2 24. Rd2 Qxf5 25. Qxf5 gxf5 26. Be7 Bd4+ 27. Kf1 Ne5 28. Rg2+ Ng6 29. h4 Kh8 30. Rxg6 hxg6 31. Bxb7 Rb8 32. d7 c4 33. d8=Q+ Rxd8 34. Bxd8 Kg7 35. Bg5 c3 36. Ke2 a6 1-0

[Event "Krasnojarsk"]
[Site "Krasnojarsk"]
[Date "1980.??.??"]
[Round "?"]
[White "Katalymov, Boris N"]
[Black "Gufeld, Eduard"]
[Result "1/2-1/2"]
[WhiteElo "2420"]
[BlackElo "2510"]
[PlyCount "129"]
[EventDate "1980.??.??"]
[Source "www.chesslib.no"]
[SourceDate "2004.05.04"]

1. d4 Nf6 2. c4 c5 3. d5 e6 4. Nc3 exd5 5. cxd5 d6 6. Nf3 g6 7. Nd2 Nbd7 8. e4 Bg7 9. Be2 O-O 10. O-O Re8 11. f4 a6 12. a4 c4 13. e5 dxe5 14. Nxc4 exf4 15. Bxf4 Ne4 16. Bf3 Nb6 17. Nxe4 Nxc4 18. b3 Ne5 19. Rc1 Bf5 20. Ng3 Bd7 21. Kh1 Qb6 22. Ne4 Rac8 23. a5 Qxa5 24. Rxc8 Rxc8 25. Nd6 Rf8 26. Bxe5 Bxe5 27. Nc4 Qc3 28. d6 Be6 29. Bxb7 Bxc4 30. bxc4 Qxc4 31. Re1 Qf4 32. g3 Qb4 33. Rxe5 Qxb7+ 34. Qd5 Qxd5+ 35. Rxd5 Rd8 36. d7 Kf8 37. Rd6 a5 38. Rd5 a4 39. Rd4 a3 40. Rd3 Ke7 41. Re3+ Kf6 42. Rxa3 Rxd7 43. Ra2 g5 44. Kg2 h5 45. h3 Rd3 46. Rf2+ Kg6 47. Re2 f6 48. Ra2 Kf5 49. Rf2+ Kg6 50. Ra2 h4 51. g4 Kf7 52. Re2 Rd5 53. Re3 Re5 54. Ra3 Rd5 55. Re3 Rd2+ 56. Kg1 f5 57. Re5 fxg4 58. Rxg5 Rd1+ 59. Kg2 Rd2+ 60. Kg1 Rd1+ 61. Kg2 g3 62. Rg4 Rd2+ 63. Kg1 Rd1+ 64. Kg2 Rd2+ 65. Kg1 1/2-1/2

[Event "Biel Open"]
[Site "Biel SUI"]
[Date "1985.??.??"]
[Round "?"]
[White "Nemet, Ivan"]
[Black "Gheorghiu, Florin"]
[Result "0-1"]
[WhiteElo "2390"]
[BlackElo "2530"]
[PlyCount "66"]
[EventDate "1985.??.??"]
[Source "www.chesslib.no"]
[SourceDate "2004.05.04"]

1. d4 Nf6 2. c4 c5 3. d5 g6 4. Nc3 d6 5. e4 Bg7 6. Nf3 O-O 7. Be2 e6 8. O-O Re8 9. Nd2 Na6 10. Kh1 Nc7 11. a4 Rb8 12. f4 exd5 13. cxd5 a6 14. a5 Bd7 15. Bf3 Bb5 16. Nxb5 axb5 17. Rb1 c4 18. Re1 Nd7 19. b4 Na6 20. Nf1 b6 21. axb6 Nxb6 22. e5 Na4 23. Qd4 Qc7 24. Qd2 dxe5 25. d6 Qd7 26. fxe5 Rxe5 27. Rd1 Rbe8 28. Qc2 R5e6 29. Bf4 Nc3 30. Bg3 Nxd1 31. Qxd1 Be5 32. Bxe5 Rxe5 33. Ra1 Nxb4 0-1

[Event "Cannes op2"]
[Site "Cannes"]
[Date "1990.??.??"]
[Round "?"]
[White "Vaisser, Anatoli"]
[Black "Degraeve, Jean Marc"]
[Result "1-0"]
[WhiteElo "2540"]
[BlackElo "2375"]
[PlyCount "115"]
[EventDate "1990.??.??"]
[Source "www.chesslib.no"]
[SourceDate "2004.05.04"]

1. d4 Nf6 2. c4 g6 3. Nc3 Bg7 4. e4 d6 5. f4 O-O 6. Nf3 c5 7. d5 e6 8. Be2 exd5 9. cxd5 Re8 10. e5 dxe5 11. fxe5 Ng4 12. Bg5 Qb6 13. O-O Nxe5 14. Nxe5 Bxe5 15. Bc4 Qb4 16. Qf3 Bf5 17. Bb5 Rf8 18. Be7 Bg4 19. Qd3 Qd4+ 20. Qxd4 Bxd4+ 21. Kh1 Rc8 22. h3 Bd7 23. Bc4 Kg7 24. Rae1 Re8 25. Nb5 Bxb5 26. Bxb5 Rh8 27. Bh4 a6 28. Be8 Rf8 29. Re7 Nc6 30. Rexf7+ Rxf7 31. Rxf7+ Kg8 32. dxc6 Rxe8 33. Rxb7 Rc8 34. c7 Be5 35. Bd8 Kf7 36. b3 Ke8 37. Ra7 Kd7 38. Rxa6 Bxc7 39. Bxc7 Rxc7 40. Ra4 Kd6 41. Kh2 Kd5 42. Kg3 Rf7 43. h4 Re7 44. Kf4 Re5 45. g4 h6 46. Kf3 Re6 47. Ra8 Rf6+ 48. Ke3 Re6+ 49. Kd3 Rf6 50. Rd8+ Kc6 51. Ke4 g5 52. Ke5 Rf4 53. Rd6+ Kb5 54. Rxh6 Rxg4 55. h5 Rg2 56. a4+ Kb4 57. Rb6+ Kc3 58. h6 1-0

[Event "Clichy"]
[Site "Clichy"]
[Date "1998.12.19"]
[Round "8"]
[White "Mohamed, Esam Ahmed Nagib"]
[Black "Murey, Jacob"]
[Result "0-1"]
[WhiteElo "2455"]
[BlackElo "2460"]
[PlyCount "119"]
[EventDate "1998.05.16"]
[Source "www.chesslib.no"]
[SourceDate "2004.05.04"]

1. d4 Nf6 2. c4 g6 3. Nc3 Bg7 4. e4 d6 5. f4 c5 6. d5 e6 7. Nf3 exd5 8. cxd5 O-O 9. Be2 Re8 10. e5 dxe5 11. fxe5 Ng4 12. O-O Nxe5 13. Bf4 Bf5 14. Qd2 Nbd7 15. d6 Qb6 16. Kh1 Rad8 17. Rad1 Nxf3 18. Bxf3 Ne5 19. Bg5 Rd7 20. Be2 c4 21. Be7 Nd3 22. Rxf5 Qxb2 23. Qxb2 Nxb2 24. Rf3 Bxc3 25. Rd5 Bg7 26. Rb5 Nd3 27. Kg1 Bf8 28. Bxd3 cxd3 29. Rxd3 Bxe7 30. Re5 f6 31. Rxe7 Rexe7 32. dxe7 Rxe7 33. Kf2 Kf7 34. Rd8 f5 35. Kf3 Kf6 36. Rb8 b6 37. Ra8 Ke5 38. h4 Kd5 39. h5 gxh5 40. Kf4 Rg7 41. Kxf5 Kc4 42. Kf6 Rg6+ 43. Kf5 a5 44. Rb8 Kc3 45. Rb7 a4 46. Rc7+ Kb4 47. Rxh7 Rxg2 48. Rxh5 Rxa2 49. Rh4+ Ka5 50. Ke4 b5 51. Kd3 Rg2 52. Kc3 Rg3+ 53. Kc2 a3 54. Rh8 Ka4 55. Ra8+ Kb4 56. Rb8 Rg2+ 57. Kb1 Ka4 58. Rh8 b4 59. Rh3 Rg1+ 60. Ka2 0-1

[Event "Havana-A"]
[Site "Havana CUB"]
[Date "1985.??.??"]
[Round "?"]
[White "Utasi, Tamas"]
[Black "Pecorelli Garcia, Humberto"]
[Result "1-0"]
[WhiteElo "2480"]
[BlackElo "2435"]
[PlyCount "73"]
[EventDate "1985.??.??"]
[Source "www.chesslib.no"]
[SourceDate "2004.05.04"]

1. d4 Nf6 2. c4 g6 3. Nc3 Bg7 4. e4 O-O 5. f4 d6 6. Nf3 c5 7. d5 e6 8. Be2 exd5 9. cxd5 Re8 10. e5 dxe5 11. fxe5 Ng4 12. Bg5 f6 13. exf6 Bxf6 14. Bf4 b5 15. O-O b4 16. Nb5 Ba6 17. d6 Nd7 18. a4 Kh8 19. Qd2 c4 20. Bxc4 Rc8 21. Bf7 Re4 22. Kh1 Qb6 23. h3 Rxf4 24. Qxf4 Nf2+ 25. Kh2 Nd3 26. Qd2 Nxb2 27. Bxg6 Bxb5 28. Qh6 Qxd6+ 29. Kh1 Nf8 30. Ng5 Rc7 31. Ne4 Qe7 32. Rxf6 Nxg6 33. Rxg6 Nxa4 34. Nf6 Rc8 35. Nxh7 Qxh7 36. Qg5 Rg8 37. Rxg8+ 1-0

[Event "Ano Liosia Open"]
[Site "Ano Liosia GRE"]
[Date "1992.??.??"]
[Round "?"]
[White "Moutousis, Konstantinos"]
[Black "Georgiev, Krum I"]
[Result "1-0"]
[WhiteElo "2405"]
[BlackElo "2505"]
[PlyCount "69"]
[EventDate "1992.??.??"]
[Source "www.chesslib.no"]
[SourceDate "2004.05.04"]

1. d4 Nf6 2. c4 g6 3. Nc3 Bg7 4. e4 d6 5. f4 O-O 6. Nf3 c5 7. d5 e6 8. Be2 exd5 9. cxd5 Re8 10. e5 dxe5 11. fxe5 Ng4 12. Bg5 Qa5 13. O-O Nxe5 14. d6 Bf5 15. Nd5 Nbc6 16. Nc7 c4 17. Kh1 Qc5 18. Nxe5 Bxe5 19. Nxe8 Rxe8 20. d7 Rf8 21. Rc1 b5 22. Rxf5 gxf5 23. b3 c3 24. d8=Q Nxd8 25. Bxd8 Bf4 26. Bf6 b4 27. Rc2 Re8 28. Qd7 Re6 29. Bd4 Qf8 30. Bxa7 Rd6 31. Qxf5 Qh6 32. Bg1 Re6 33. Bc4 Bxh2 34. Bxh2 Re1+ 35. Bf1 1-0

[Event "Delhi"]
[Site "?"]
[Date "1987.??.??"]
[Round "?"]
[White "Vaiser, A."]
[Black "Thipsay, P."]
[Result "1-0"]
[WhiteElo "2490"]
[BlackElo "2420"]
[PlyCount "59"]
[EventDate "1987.??.??"]
[Source "ChessBase"]
[SourceDate "1987.07.01"]

1. d4 Nf6 2. c4 g6 3. Nc3 Bg7 4. e4 d6 5. f4 O-O 6. Nf3 c5 7. d5 e6 8. Be2 exd5 9. cxd5 Re8 10. e5 dxe5 11. fxe5 Ng4 12. Bg5 f6 13. exf6 Bxf6 14. Qd2 Bf5 15. O-O Nd7 16. h3 Bxg5 17. Nxg5 Ne3 18. Rxf5 Nxf5 19. Bb5 a6 20. Bxd7 Qxd7 21. Nce4 Rf8 22. Ne6 Rf7 23. N6xc5 Qc7 24. d6 Qc6 25. d7 Rd8 26. Qg5 Qb6 27. Kh1 h6 28. Na4 hxg5 29. Nxb6 Rfxd7 30. Nxd7 1-0

[Event "Ch (juniors)"]
[Site "Kirovabad (Azerbaijan)"]
[Date "1984.??.??"]
[Round "?"]
[White "Ivanchuk, Vassily"]
[Black "Serper, Grigory"]
[Result "1-0"]
[WhiteElo "2475"]
[BlackElo "2435"]
[PlyCount "43"]
[EventDate "1984.??.??"]
[Source "www.chesslib.no"]
[SourceDate "2004.05.04"]

1. d4 Nf6 2. Nf3 c5 3. d5 e6 4. c4 exd5 5. cxd5 d6 6. Nc3 g6 7. e4 Bg7 8. Nd2 O-O 9. Be2 a6 10. a4 Re8 11. O-O Nbd7 12. f4 c4 13. Kh1 Nc5 14. e5 dxe5 15. fxe5 Rxe5 16. Nxc4 Rf5 17. Bf3 Ng4 18. Ne3 Nxh2 19. Kxh2 Qh4+ 20. Kg1 Be5 21. Ng4 Bd6 22. Qe1 1-0

[Event "16th Open"]
[Site "Kiel"]
[Date "2003.07.28"]
[Round "5"]
[White "Fish, Gannadij"]
[Black "Janz, Frerik"]
[Result "1/2-1/2"]
[WhiteElo "2513"]
[BlackElo "2394"]
[PlyCount "136"]
[EventDate "2003.07.25"]
[Source "Roberto Alvarez"]
[SourceDate "2003.07.21"]

1. d4 Nf6 2. c4 c5 3. d5 e6 4. Nc3 exd5 5. cxd5 d6 6. Nf3 g6 7. Nd2 Nbd7 8. e4 Bg7 9. Be2 O-O 10. O-O Re8 11. f4 a6 12. a4 Rb8 13. Kh1 Nb6 14. Bf3 Bd7 15. a5 Nc8 16. Nc4 Bb5 17. Qb3 Bxc4 18. Qxc4 Nd7 19. Bd2 Qc7 20. Na4 Na7 21. Ra2 Nb5 22. b4 cxb4 23. Qxc7 Nxc7 24. Bxb4 Nb5 25. Rc2 Rbc8 26. Rfc1 Rxc2 27. Rxc2 Bd4 28. g4 h6 29. g5 Be3 30. e5 Bxf4 31. exd6 Bxd6 32. Bxd6 Nxd6 33. gxh6 Re3 34. Kg2 Ra3 35. Rc7 Ne5 36. Bd1 Rd3 37. Be2 Rxd5 38. Nc5 Kh7 39. Nxb7 Nxb7 40. Rxb7 Rxa5 41. Ra7 Ra2 42. Kf1 Kxh6 43. Rxa6 Rxa6 44. Bxa6 Kg5 45. Kf2 Kf4 46. Bb7 Ng4+ 47. Kg2 g5 48. Ba8 Nf6 49. Bc6 Ne4 50. Bd7 f5 51. Be6 Nd2 52. Kf2 g4 53. Bd7 Ne4+ 54. Kg2 Ng5 55. Bc8 Nh3 56. Bd7 Kg5 57. Bc8 f4 58. Bb7 Kh4 59. Be4 Ng5 60. Bf5 f3+ 61. Kf2 Nh3+ 62. Ke3 Ng5 63. Kf4 f2 64. Bd3 Ne6+ 65. Ke3 g3 66. hxg3+ Kxg3 67. Bc4 Nf4 68. Bb5 Nd5+ 1/2-1/2

[Event "Corr"]
[Site "?"]
[Date "1998.01.05"]
[Round "?"]
[White "Mercadal Benejam Jose (ESP)"]
[Black "Espindola Carlos Alejandro (A"]
[Result "1/2-1/2"]
[WhiteElo "2510"]
[BlackElo "2395"]
[PlyCount "59"]
[EventDate "1998.??.??"]
[Source "www.chesslib.no"]
[SourceDate "2004.05.04"]

1. d4 Nf6 2. c4 g6 3. Nc3 Bg7 4. e4 d6 5. f4 O-O 6. Nf3 c5 7. d5 e6 8. Be2 exd5 9. cxd5 Re8 10. e5 dxe5 11. fxe5 Ng4 12. Bg5 Qb6 13. O-O Nxe5 14. Nxe5 Bxe5 15. Bc4 Bf5 16. Nb5 a6 17. d6 Rf8 18. Nc7 Ra7 19. Nd5 Qxb2 20. Ne7+ Kh8 21. Rc1 b5 22. Nxf5 gxf5 23. Be7 Rg8 24. Bd5 Rg4 25. Rc2 Qd4+ 26. Qxd4 Bxd4+ 27. Kh1 f6 28. Rxf5 Nd7 29. Re2 Be5 30. Bxf6+ 1/2-1/2

[Event "Summer"]
[Site "Tel Aviv"]
[Date "2003.07.20"]
[Round "1"]
[White "Bykhovsky, Avigdor"]
[Black "Gross, David"]
[Result "1-0"]
[WhiteElo "2452"]
[BlackElo "2451"]
[PlyCount "67"]
[EventDate "2003.07.20"]
[Source "Roberto Alvarez"]
[SourceDate "2003.07.28"]

1. d4 Nf6 2. c4 g6 3. Nc3 Bg7 4. e4 d6 5. f4 O-O 6. Nf3 c5 7. d5 e6 8. Be2 exd5 9. cxd5 Re8 10. Nd2 a6 11. a4 b6 12. O-O Ra7 13. Bf3 h5 14. Nc4 Ng4 15. g3 Rb7 16. h3 Nh6 17. e5 Nf5 18. g4 hxg4 19. hxg4 b5 20. gxf5 bxc4 21. fxg6 fxg6 22. e6 Bd4+ 23. Kg2 Rh7 24. Rh1 Ree7 25. Bd2 Rxh1 26. Qxh1 Rh7 27. Qe1 Nd7 28. Qg3 Nf6 29. Rh1 Qb6 30. Rxh7 Kxh7 31. Be4 Qxb2 32. Qxg6+ Kh8 33. Bc2 Bxc3 34. e7 1-0

[Event "Open"]
[Site "Figueira da Foz POR"]
[Date "2008.12.04"]
[Round "6"]
[White "Dias, P."]
[Black "Rotstein, A."]
[Result "0-1"]
[WhiteElo "2406"]
[BlackElo "2496"]
[PlyCount "81"]
[EventDate "2008.11.30"]
[Source "www.chesslib.no"]
[SourceDate "2004.05.04"]

1. d4 Nf6 2. c4 e6 3. Nc3 c5 4. d5 exd5 5. cxd5 d6 6. e4 g6 7. Nf3 Bg7 8. Nd2 a6 9. a4 Nbd7 10. Be2 O-O 11. O-O Re8 12. f4 Rb8 13. Kh1 Qe7 14. Re1 h5 15. a5 b5 16. axb6 Nxb6 17. Bf3 Nfxd5 18. Nxd5 Nxd5 19. Nc4 Bd4 20. e5 Bg4 21. Bxg4 hxg4 22. Qxg4 dxe5 23. fxe5 Nb4 24. Qe2 Qh4 25. Rf1 Re6 26. Ra3 Qe7 27. Raf3 Rb7 28. Rxf7 Qxf7 29. Rxf7 Rxf7 30. h3 Rf5 31. Be3 Bxe5 32. g4 Rff6 33. g5 Rf5 34. Bxc5 Nd5 35. Qe4 Nc7 36. Nxe5 Rexe5 37. Qc4+ Ne6 38. Be7 Rf2 39. Kg1 Rff5 40. Kg2 Kf7 41. Ba3 0-1

[Event "Corus Reserve Gp, Wijk aan Zee NED"]
[Site "?"]
[Date "2001.??.??"]
[Round "5"]
[White "Cmilyte, V."]
[Black "Li Shilong"]
[Result "1-0"]
[WhiteElo "2430"]
[BlackElo "2470"]
[PlyCount "93"]
[EventDate "2001.??.??"]
[Source "www.chesslib.no"]
[SourceDate "2004.05.04"]

1. d4 Nf6 2. c4 e6 3. Nf3 c5 4. d5 exd5 5. cxd5 d6 6. Nc3 g6 7. e4 Bg7 8. Be2 O-O 9. O-O Re8 10. Nd2 Nbd7 11. f4 c4 12. a4 a6 13. Kh1 Qc7 14. e5 dxe5 15. Nxc4 e4 16. f5 Nf8 17. Bf4 Qd8 18. fxg6 hxg6 19. a5 Bf5 20. g4 Bd7 21. Nd6 Re7 22. Nxb7 Qc8 23. Nd6 Qc5 24. g5 Ne8 25. Ndxe4 Qb4 26. Bf3 Qxb2 27. Rb1 Qa3 28. d6 Re6 29. Qd5 Bxc3 30. Qxa8 Qxa5 31. Nxc3 Qxc3 32. Qxa6 Qd4 33. Bg2 Nxd6 34. Rbd1 Nf5 35. Qxe6 Nxe6 36. Rxd4 Nfxd4 37. Be5 Nf5 38. Rb1 Kh7 39. Rb8 Nfg7 40. h4 Ne8 41. Rb7 Nc5 42. Ra7 Be6 43. Bd4 Nb3 44. Bc3 Nc5 45. Ra8 Ng7 46. h5 gxh5 47. Ra5 1-0

[Event "BL2-Nord 0102"]
[Site "Germany"]
[Date "2002.01.20"]
[Round "4.2"]
[White "Fish, Gannadij"]
[Black "Lindemann, Stefan"]
[Result "1-0"]
[WhiteElo "2502"]
[BlackElo "2394"]
[PlyCount "91"]
[EventDate "2001.10.07"]
[Source "ChessBase"]
[SourceDate "2002.07.08"]

1. d4 Nf6 2. c4 c5 3. d5 e6 4. Nc3 exd5 5. cxd5 d6 6. Nf3 g6 7. Nd2 Nbd7 8. e4 Bg7 9. Be2 O-O 10. O-O Re8 11. f4 c4 12. e5 dxe5 13. Nxc4 exf4 14. Bxf4 Ne4 15. Nb5 g5 16. Bc7 Qe7 17. d6 Qe6 18. Ba5 Ng3 19. hxg3 Qxe2 20. Qxe2 Rxe2 21. Rae1 Rxe1 22. Rxe1 Nf6 23. Nc7 Rb8 24. Bc3 Bg4 25. Re7 Rd8 26. Ne5 Rxd6 27. Nxg4 Rd1+ 28. Kf2 Nxg4+ 29. Ke2 Rd8 30. Ne6 Bf6 31. Bxf6 fxe6 32. Rg7+ Kf8 33. Bc3 Rd5 34. Rxb7 a6 35. Rxh7 e5 36. Ra7 e4 37. Rxa6 Rd3 38. Ra4 Re3+ 39. Kd2 Kf7 40. Rd4 Kg6 41. a4 Kf5 42. Rd5+ Kg6 43. Be5 Rb3 44. Bc3 Rb7 45. a5 e3+ 46. Ke1 1-0

[Event "Ibercaja op"]
[Site "?"]
[Date "1994.??.??"]
[Round "3"]
[White "Paramos, R."]
[Black "Marin, M."]
[Result "0-1"]
[WhiteElo "2365"]
[BlackElo "2530"]
[PlyCount "74"]
[EventDate "1994.??.??"]
[Source "www.chesslib.no"]
[SourceDate "2004.05.04"]

1. d4 Nf6 2. c4 c5 3. d5 d6 4. Nc3 g6 5. e4 Bg7 6. Nf3 O-O 7. Be2 e6 8. O-O Re8 9. Nd2 Na6 10. f4 exd5 11. cxd5 Nc7 12. a4 a6 13. Bf3 Rb8 14. a5 Bd7 15. Re1 Bb5 16. Nxb5 axb5 17. Nf1 c4 18. Rb1 Nd7 19. b4 cxb3 20. Rxb3 Nc5 21. Rbe3 b4 22. e5 Nb5 23. Bb2 Qxa5 24. Nd2 Qa2 25. Ba1 Ra8 26. Qe2 Na3 27. e6 fxe6 28. Bxg7 Kxg7 29. Ne4 Qxe2 30. R3xe2 Nd3 31. Nxd6 Nxe1 32. Nxe8+ Rxe8 33. Rxe1 b3 34. Re2 Nc2 35. Rd2 b2 36. Rd1 Na3 37. Be4 exd5 0-1

[Event "XVII Festival"]
[Site "Abu Dhabi EAU"]
[Date "2007.08.12"]
[Round "1"]
[White "Koneru, H."]
[Black "Golizadeh, A."]
[Result "1-0"]
[WhiteElo "2572"]
[BlackElo "2323"]
[PlyCount "69"]
[EventDate "2007.08.12"]
[Source "www.chesslib.no"]
[SourceDate "2004.05.04"]

1. d4 Nf6 2. c4 c5 3. d5 e6 4. Nc3 exd5 5. cxd5 d6 6. Nf3 g6 7. Nd2 Nbd7 8. e4 Bg7 9. Be2 O-O 10. O-O Re8 11. f4 a6 12. a4 Rb8 13. Kh1 h5 14. h3 Qc7 15. Qc2 Nf8 16. a5 N6d7 17. Nc4 b5 18. axb6 Nxb6 19. Na5 f5 20. e5 dxe5 21. fxe5 Bxe5 22. Nc6 Nxd5 23. Bc4 Be6 24. Nxe5 Qxe5 25. Bxd5 Bxd5 26. Bf4 Bb3 27. Qf2 Qd4 28. Bxb8 Rxb8 29. Qg3 Rb6 30. Rxf5 Bc2 31. Rd5 Qg7 32. Rxc5 Rxb2 33. Rc7 Qd4 34. Rf1 Qd3 35. Qf4 1-0

[Event "Soviet Union"]
[Site "Soviet Union"]
[Date "1983.??.??"]
[Round "?"]
[White "Vaisser, Anatoli V"]
[Black "Belov, Igor"]
[Result "1-0"]
[WhiteElo "2485"]
[BlackElo "2405"]
[PlyCount "71"]
[EventDate "1983.??.??"]
[Source "www.chesslib.no"]
[SourceDate "2004.05.04"]

1. d4 Nf6 2. c4 g6 3. Nc3 Bg7 4. e4 d6 5. f4 O-O 6. Nf3 c5 7. d5 e6 8. Be2 exd5 9. cxd5 Re8 10. e5 dxe5 11. fxe5 Ng4 12. Bg5 Qb6 13. O-O Nxe5 14. d6 Qxb2 15. Nd5 Nbc6 16. Rb1 Qxa2 17. Nc7 Bf5 18. Nxe8 Bxb1 19. Nxg7 Bc2 20. Qe1 Qd5 21. Nxe5 Qxe5 22. Bf6 Qxd6 23. Bc4 Rf8 24. Qc1 Ne5 25. Qf4 Nxc4 26. Qh6 Qxf6 27. Rxf6 Rd8 28. Rf1 Nd6 29. Nh5 Ne8 30. Re1 Rd1 31. Rxd1 Bxd1 32. Qe3 Ba4 33. Nf4 Bc6 34. Qxc5 a6 35. Nd5 Kg7 36. Nb4 1-0

[Event "DSV-Tunier"]
[Site "Leipzig"]
[Date "1983.??.??"]
[Round "3"]
[White "Lukacs, Peter"]
[Black "Szymczak, Zbigniew"]
[Result "1/2-1/2"]
[WhiteElo "2460"]
[BlackElo "2420"]
[PlyCount "85"]
[EventDate "1983.12.01"]
[Source "www.chesslib.no"]
[SourceDate "2004.05.04"]

1. d4 Nf6 2. c4 e6 3. Nf3 c5 4. d5 exd5 5. cxd5 d6 6. Nc3 g6 7. Nd2 Nbd7 8. e4 Bg7 9. Be2 O-O 10. O-O Re8 11. a4 Ne5 12. Ndb1 a6 13. f4 Ned7 14. Nd2 c4 15. Kh1 Nc5 16. e5 dxe5 17. fxe5 Rxe5 18. Nxc4 Rf5 19. Bf4 Nfe4 20. Nxe4 Nxe4 21. a5 Rxd5 22. Qe1 Be6 23. Bf3 Rd4 24. Nb6 f5 25. Be3 Rd3 26. Nxa8 Qxa8 27. Rd1 Qd8 28. Bb6 Rxd1 29. Bxd8 Rxe1 30. Rxe1 Bd5 31. Re2 Kf7 32. Bb6 g5 33. Kg1 g4 34. Bxe4 Bxe4 35. Kf2 Be5 36. g3 h5 37. Rd2 h4 38. Bc7 hxg3+ 39. hxg3 Bf6 40. Ke3 Bg5+ 41. Bf4 Be7 42. Bd6 Bg5+ 43. Bf4 1/2-1/2

[Event "Cannes"]
[Site "?"]
[Date "1993.??.??"]
[Round "?"]
[White "Komarov, D."]
[Black "Lamoureux, Ch"]
[Result "1/2-1/2"]
[WhiteElo "2530"]
[BlackElo "2345"]
[PlyCount "65"]
[EventDate "1993.??.??"]
[Source "ChessBase"]
[SourceDate "1993.06.01"]

1. d4 Nf6 2. c4 g6 3. Nc3 Bg7 4. e4 d6 5. f4 O-O 6. Nf3 c5 7. d5 e6 8. Be2 exd5 9. cxd5 Re8 10. e5 dxe5 11. fxe5 Ng4 12. Bg5 Qb6 13. Qd2 Nd7 14. d6 Ndxe5 15. Nd5 Qxb2 16. Qxb2 Nd3+ 17. Kf1 Nxb2 18. Bb5 Be6 19. Nc7 Red8 20. Nxa8 Rxa8 21. Re1 a6 22. Rxe6 fxe6 23. Bd7 Kf7 24. Ke2 Bf6 25. Rf1 Kg7 26. h3 h6 27. Bc1 Rd8 28. hxg4 Rxd7 29. g5 hxg5 30. Nxg5 Na4 31. Nxe6+ Kf7 32. Ng5+ Kg7 33. Ne6+ 1/2-1/2

[Event "It (open)"]
[Site "Barbera (Spain)"]
[Date "2007.07.14"]
[Round "9"]
[White "Asis Gargatagli Hipolit (ESP)"]
[Black "Almeida Omar (CUB)"]
[Result "1/2-1/2"]
[WhiteElo "2374"]
[BlackElo "2501"]
[PlyCount "76"]
[EventDate "2007.??.??"]
[Source "www.chesslib.no"]
[SourceDate "2004.05.04"]

1. d4 Nf6 2. c4 c5 3. d5 e6 4. Nf3 d6 5. Nc3 exd5 6. cxd5 g6 7. Nd2 a6 8. a4 Nbd7 9. e4 Bg7 10. Be2 O-O 11. O-O Re8 12. f4 Qc7 13. e5 dxe5 14. Nc4 e4 15. f5 Nb6 16. fxg6 hxg6 17. Bf4 Qd8 18. Nd6 Re7 19. a5 Rd7 20. Nxf7 Rxf7 21. axb6 Qxb6 22. Na4 Qa7 23. Be3 b6 24. b4 Ng4 25. Bxg4 Rxf1+ 26. Qxf1 Bxg4 27. bxc5 Bxa1 28. Qxa1 bxc5 29. h3 Be2 30. Nxc5 Rf8 31. Qe5 Rf1+ 32. Kh2 Qg7 33. Qe8+ Rf8 34. Qe6+ Qf7 35. Qd6 Bc4 36. Ne6 Re8 37. Bd4 Rxe6 38. dxe6 Qxe6 1/2-1/2

[Event "GMC"]
[Site "Wijk aan Zee"]
[Date "2004.01.18"]
[Round "7"]
[White "Bosboom Lanchava, Teas"]
[Black "Pavlovic, Milos"]
[Result "0-1"]
[WhiteElo "2323"]
[BlackElo "2548"]
[PlyCount "77"]
[EventDate "2004.01.10"]
[Source "Roberto Alvarez"]
[SourceDate "2004.01.26"]

1. d4 Nf6 2. Nf3 g6 3. c4 Bg7 4. Nc3 O-O 5. e4 d6 6. Be2 c5 7. d5 e6 8. Nd2 Na6 9. O-O Nc7 10. f4 exd5 11. cxd5 Re8 12. a4 b6 13. Re1 Rb8 14. Rb1 Ba6 15. Bxa6 Nxa6 16. Nc4 Nb4 17. Bd2 a6 18. Na3 Nd3 19. Re2 Ng4 20. g3 Bd4+ 21. Kg2 Ngf2 22. Qf1 Qd7 23. Be3 Ng4 24. Bxd4 cxd4 25. Qd1 Nxf4+ 26. gxf4 dxc3 27. bxc3 Nf6 28. Qd4 Qg4+ 29. Kf1 Nh5 30. f5 Nf4 31. Rf2 Nh3 32. Re2 Qf3+ 33. Ke1 Nf4 34. Rbb2 Nd3+ 35. Kd2 Nxb2 36. fxg6 hxg6 37. Nc2 b5 38. Ne1 Nc4+ 39. Qxc4 0-1

[Event "Budapest"]
[Site "Budapest"]
[Date "1990.??.??"]
[Round "10"]
[White "Avshalumov, Alex"]
[Black "Szekely, Peter"]
[Result "1/2-1/2"]
[WhiteElo "2450"]
[BlackElo "2420"]
[PlyCount "51"]
[EventDate "1990.06.??"]
[Source "www.chesslib.no"]
[SourceDate "2004.05.04"]

1. d4 Nf6 2. c4 g6 3. Nc3 Bg7 4. e4 d6 5. f4 O-O 6. Nf3 c5 7. d5 e6 8. Be2 exd5 9. cxd5 Re8 10. Nd2 a6 11. a4 Ng4 12. Bxg4 Qh4+ 13. g3 Qxg4 14. Qxg4 Bxg4 15. Kf2 Nd7 16. h3 Bd4+ 17. Kg2 Bxc3 18. bxc3 Be2 19. Re1 Bd3 20. Re3 c4 21. Ba3 Nb6 22. Rae1 Nxa4 23. Bxd6 Nxc3 24. Be5 Rxe5 25. fxe5 b5 26. Rf3 1/2-1/2

[Event "Corr"]
[Site "?"]
[Date "1995.12.30"]
[Round "?"]
[White "Mercadal Benejam Josep (ESP)"]
[Black "Glushakov Vladimir Ilyich (RU"]
[Result "1-0"]
[WhiteElo "2460"]
[BlackElo "2400"]
[PlyCount "55"]
[EventDate "1995.??.??"]
[Source "www.chesslib.no"]
[SourceDate "2004.05.04"]

1. d4 Nf6 2. c4 c5 3. d5 e6 4. Nc3 exd5 5. cxd5 d6 6. e4 g6 7. f4 Bg7 8. Nf3 O-O 9. Be2 Re8 10. Nd2 Na6 11. O-O Nc7 12. a4 a6 13. Bf3 Rb8 14. a5 Bd7 15. Nc4 Bb5 16. Nxb5 axb5 17. Nxd6 Qxd6 18. e5 Qa6 19. d6 Ne6 20. exf6 Bxf6 21. f5 Bd4+ 22. Kh1 gxf5 23. Be2 Rbd8 24. Qc2 Rxd6 25. Qxf5 Ng7 26. Qxf7+ Kh8 27. Qf8+ Rxf8 28. Rxf8# 1-0

[Event "Corr"]
[Site "?"]
[Date "1997.12.29"]
[Round "?"]
[White "Mercadal Benejam Josep (ESP)"]
[Black "Silin Viktor Aleksandrovi"]
[Result "1-0"]
[WhiteElo "2510"]
[BlackElo "2345"]
[PlyCount "53"]
[EventDate "1997.??.??"]
[Source "www.chesslib.no"]
[SourceDate "2004.05.04"]

1. d4 Nf6 2. c4 g6 3. Nc3 Bg7 4. e4 d6 5. f4 O-O 6. Nf3 c5 7. d5 e6 8. Be2 exd5 9. cxd5 Re8 10. e5 dxe5 11. fxe5 Ng4 12. Bg5 Qb6 13. O-O Nxe5 14. Nxe5 Bxe5 15. Bc4 Qxb2 16. d6 Rf8 17. Rc1 Bxc3 18. Rb1 Bd4+ 19. Kh1 Qc3 20. Rc1 Qb4 21. Be7 Nd7 22. Bxf8 Nxf8 23. Rxf7 Be6 24. Bxe6 Nxe6 25. Re7 Ng7 26. d7 Qb5 27. Qxd4 1-0